Malos olores (Record no. 10791)
[ view plain ]
| 000 -CABECERA | |
|---|---|
| campo de control de longitud fija | 01470nam a22002897a 4500 |
| 001 - NÚMERO DE CONTROL | |
| campo de control | BRCA_9172 |
| 003 - IDENTIFICADOR DEL NÚMERO DE CONTROL | |
| campo de control | FranzMayer |
| 005 - FECHA Y HORA DE LA ÚLTIMA TRANSACCIÓN | |
| campo de control | 20220809124948.0 |
| 008 - DATOS DE LONGITUD FIJA--INFORMACIÓN GENERAL | |
| campo de control de longitud fija | 220627b |||||||| |||| 00| 0 eng d |
| 020 ## - NÚMERO INTERNACIONAL ESTÁNDAR DEL LIBRO | |
| Número Internacional Estándar del Libro | 9786072710375 |
| 040 ## - FUENTE DE LA CATALOGACIÓN | |
| Lengua de catalogación | spa |
| Centro/agencia transcriptor | MFM |
| 041 0# - CÓDIGO DE LENGUA | |
| Código de lengua del texto/banda sonora o título independiente | spa |
| 050 ## - SIGNATURA TOPOGRÁFICA DE LA BIBLIOTECA DEL CONGRESO | |
| Número de clasificación | RA452. |
| Número de documento/Ítem | N68 M35 2019 |
| 100 ## - ENTRADA PRINCIPAL--NOMBRE DE PERSONA | |
| Nombre de persona | Tovar Esquivel, Enrique |
| Término indicativo de función/relación | autor |
| 9 (RLIN) | 28358 |
| 245 10 - MENCIÓN DE TÍTULO | |
| Título | Malos olores |
| Resto del título | aromas corruptos, malsanos hedores y otros virulentos humores en la historia de los regiomontanos |
| Mención de responsabilidad, etc. | Enrique Tovar Esquivel |
| 250 ## - MENCIÓN DE EDICIÓN | |
| Mención de edición | Primera edición |
| 260 ## - PUBLICACIÓN, DISTRIBUCIÓN, ETC. | |
| Lugar de publicación, distribución, etc. | Monterrey, Nuevo León, México |
| Nombre del editor, distribuidor, etc. | Universidad Autónoma de Nuevo León |
| Fecha de publicación, distribución, etc. | 2019 |
| 300 ## - DESCRIPCIÓN FÍSICA | |
| Extensión | 350 p. |
| Otras características físicas | ilustraciones b/n |
| Dimensiones | 14 x 21 cm |
| 490 ## - MENCIÓN DE SERIE | |
| Mención de serie | Documentos |
| 500 ## - NOTA GENERAL | |
| Nota general | Ubicación: L60-N1 |
| 504 ## - NOTA DE BIBLIOGRAFÍA, ETC. | |
| Nota de bibliografía, etc. | Incluye referencias bibliográficas (332-348 p.) |
| 520 ## - SUMARIO, ETC. | |
| Sumario, etc. | Nunca en la historia de Monterrey el olor llegó de la misma manera. En este libro se presenta la investigación sobre el mal olor que se encuentra en la vida cotidiana de los regiomontanos y en la geografía de la ciudad de Monterrey, donde no solo se menciona la clara carga odorante, sino que reconsidera dentro de un mundo simbólico la corrupción del aroma que indica inmoralidad, maldad, enfermedad y muerte. |
| 650 10 - PUNTO DE ACCESO ADICIONAL DE MATERIA--TÉRMINO DE MATERIA | |
| Término de materia o nombre geográfico como elemento de entrada | Aire |
| Subdivisión general | Contaminación |
| -- | Historia |
| Subdivisión geográfica | Monterrey |
| -- | México |
| 9 (RLIN) | 28359 |
| 650 10 - PUNTO DE ACCESO ADICIONAL DE MATERIA--TÉRMINO DE MATERIA | |
| Término de materia o nombre geográfico como elemento de entrada | Usos del suelo |
| Subdivisión general | Historia |
| Subdivisión geográfica | México |
| -- | Monterrey |
| 9 (RLIN) | 28360 |
| 650 10 - PUNTO DE ACCESO ADICIONAL DE MATERIA--TÉRMINO DE MATERIA | |
| Término de materia o nombre geográfico como elemento de entrada | Monterrey |
| Término de materia que sigue a un nombre geográfico como elemento de entrada | México |
| Subdivisión general | Condiciones ambientales |
| 9 (RLIN) | 28361 |
| 942 ## - ELEMENTOS DE PUNTO DE ACCESO ADICIONAL (KOHA) | |
| Fuente del sistema de clasificación o colocación | Library of Congress Classification |
| Tipo de ítem Koha | Libros |
| Estado de retiro | Estado de pérdida | Fuente del sistema de clasificación o colocación | Estado dañado | No para préstamo | Localización permanente | Ubicación/localización actual | Fecha de adquisición | Total de préstamos | Signatura topográfica completa | Código de barras | Fecha visto por última vez | Número de copia | Precio válido a partir de | Tipo de ítem Koha |
|---|---|---|---|---|---|---|---|---|---|---|---|---|---|---|
| El ejemplar forma parte de la colección y puede ser consultado según las políticas vigentes. | Library of Congress Classification | Biblioteca del Museo Franz Mayer (Rogerio Casas-Alatriste) | Biblioteca del Museo Franz Mayer (Rogerio Casas-Alatriste) | 27/06/2022 | RA452. N68 M35 2019 | CONT9944 | 27/06/2022 | 1 | 27/06/2022 | Libros |